000 00754nam a2200217 4500
999 _c18038
_d18038
003 AR-CdUCM
008 190511b ||||| |||| 00| 0 spa d
040 _aMUNICIPALIDAD PROVINCIAL DEL CUSCO
_cBIBLIOTECA MUNICIPAL DEL CUSCO
082 _a914.7 /
_bER75
100 _aErwin Kisch, Egon
_938379
245 _aDescubrimientos en Mexico /
260 _aMexico :
_bGrijalbo,
_c1959.
300 _a300 paginas ;
_c20 cm.
505 _aContenido: Historia de maiz -- Nace un volcan -- Historia cultural del cactus -- El tesoro de Moctezuma -- Entrevistando a las piramides...
650 _aPiramides
_938380
650 _aMexico
_918
650 _aHistoria
_9136
700 _aRoces, Weneslao
_938381
942 _2ddc
_cLIBROS
945 _apjha
_d2019-05-11